| 000 | 00672nam a2200193 a 4500 | ||
|---|---|---|---|
| 001 | 000007835 | ||
| 005 | 20200929154320.0 | ||
| 008 | 090911s1989 dr ab 001 0 spa d | ||
| 040 | _aDO-SdBNP | ||
| 082 |
_a551.097293 _bO82g |
||
| 100 | 1 |
_aOsiris De León, Rafael _921569 |
|
| 245 | 1 | 0 |
_aGeología de la Sierra de Bahoruco : _bRepública Dominicana / _cRafael Osiris De León. |
| 260 |
_aSanto Domingo, : _bTaller, _c1989. |
||
| 300 |
_a112 p. : _bil; map. ; _c23 cm. |
||
| 504 | _aIncluye referencias bibliográficas [98] | ||
| 650 | 4 |
_aGeologia _xSierra de bahoruco _zRepública Dominicana _921570 |
|
| 700 | 1 |
_aJiménez Lambertus, Abelardo _epról. _921571 |
|
| 049 | _aBNPD | ||
| 999 |
_c7613 _d7613 |
||